000 00305nam a22001337a 4500
008 170421b xxu||||| |||| 00| 0 eng d
020 _a053450440
041 _aeng
080 _23 ED
_a573
100 _a11
101 _aSHM
245 _aBIOLOGY CONCEPT AND APPLICATION
_cSTARRR.C
942 _2udc
_cBK
999 _c11414
_d11414